| 000 | 00915nam a2200265Ia 4500 | ||
|---|---|---|---|
| 003 | OSt | ||
| 005 | 20221005111801.0 | ||
| 006 | a|||||r|||| 00| 0 | ||
| 007 | ta | ||
| 008 | 221004b |||||||| |||| 00| 0 hin d | ||
| 020 |
_a9788188791521 (hbk) _c695 |
||
| 024 | _a24739 | ||
| 037 |
_b57, 22/12/2015, Mallika Books _cTextual |
||
| 040 |
_aCRL _cCRL _bhin |
||
| 041 |
_2hin _ahin |
||
| 082 | _aY15z7, 152Q5 | ||
| 100 | _aआराधना | ||
| 245 | 0 | _aयत्र नार्यस्तु पूज्यन्ते ? | |
| 246 | _aYatra nāryastu pūjyante | ||
| 260 |
_aमेरठ _bराहुल पब्लिशिग हाउस भारत _c2015 |
||
| 300 |
_a160पृ0 _ccm. |
||
| 650 | _aभारतीय-लोक साहित्य | ||
| 942 |
_hY15z7, 152Q5 _cTEXL _2cc |
||
| 999 |
_c1022888 _d1022888 |
||